000
00202nam a2200085 4500
001
1257559
005
20260216145247.0
245
_a
ASLAN KALEMTIRAŞ KUMBARASI
_c
MELİKE GÜNYÜZ
260
_b
ERDEM YAYINLARI
999
_c
1257559
_d
1257559